000 00958nas a2200325 454500
001 IICA0700990
003 BR-BrBNA
005 20260323111601.0
007 ta
008 260323b bl.|||p| |||| 00| 00por d
040 _aBR-BrBNA
_bpor
_cBiblioteca Nacional de Agricultura
041 _a(Es)
072 _aF62
100 1 _aPezo, D.
100 1 _aJohnson, W.L.
100 1 _aVigo, J.
100 1 _aHigaona, R.
245 1 _aValor nutritivo del ryegrass (Lolium sp.)y trébol blanco (Trifolium repens cv. Ladino), en diferentes estados de crecimiento
300 _av. 28(1) p. 25-32
650 _aTREVO BRANCO
650 _aTRIFOLIUM REPENS
650 _aAZEVEM
650 _aLOLIUM
650 _aGRAMINEA FORRAGEIRA
650 _aVALOR NUTRITIVO
650 _aCRESCIMENTO
773 0 _tTURRIALBA (IICA)
_X0041-4360
_g(Jan-Mar 1978), v. 28(1) p. 25-32
_wIICA0700990
909 _a202603
_bLúcia
_c55
_dLúcia Elande
942 _2IICA
_n0
_cANA
999 _c340974
_d340974